000 nam a22 7a 4500
999 _c9079
_d9079
008 180122b ||||| |||| 00| 0 eng d
100 _95361
_aSUIFT.J
245 _aGULLIVER'S TRAVELS-IX-I
260 _aNEW DELHI
_bRACHI
_c2013